| 000 | 00764nas a2200277 4500 | ||
|---|---|---|---|
| 001 | BR9200443 | ||
| 003 | BR-BrBNA | ||
| 005 | 20231205092245.0 | ||
| 007 | ta | ||
| 008 | 230509b bl.|||p| |||| 00| 00por d | ||
| 040 |
_aBR-BrBNA _bpor _cBiblioteca Nacional de Agricultura |
||
| 041 | _a(Pt) | ||
| 072 | _aE16 | ||
| 100 | 1 | _aBezerra, I.P. | |
| 100 | 1 | _aStulp, J. | |
| 245 | 1 | _aRisco e lucro no cultivo de soja, milho e trigo | |
| 650 | _aSOJA | ||
| 650 | _aMILHO | ||
| 650 | _aTRIGO | ||
| 650 | _aPRODUTIVIDADE | ||
| 650 | _aLUCRO | ||
| 650 | _aPERDA | ||
| 773 | 0 |
_tRevista de Economia e Sociologia Rural (Brazil) _xISSN 0103-2003 _g(Apr-Jun 1989), v. 27(2) p. 125-143 _wBR9200443 |
|
| 909 |
_a202311 _bLúcia _c55 _dLúcia Elande |
||
| 942 |
_2AGRIS _n0 _cANA |
||
| 999 |
_c130471 _d130471 |
||